| Tag |
First Indicator |
Second Indicator |
Subfields |
| LEADER |
00000cam a2200000 i 4500 |
| 001 |
in00000463561 |
| 005 |
20151012163618.0 |
| 008 |
750814s1975 ne 00110 eng |
| 010 |
|
|
|a 75322799
|
| 020 |
|
|
|a 9024716926
|
| 035 |
|
|
|a (OCoLC)01546935
|
| 035 |
|
|
|9 ABZ6659AM
|
| 040 |
|
|
|c GSU
|d TXA
|d UtOrBLW
|
| 049 |
|
|
|a TXAM
|c [1108368]
|
| 090 |
|
|
|a BF713
|b .F44
|
| 100 |
1 |
|
|a Feibleman, James Kern,
|d 1904-
|
| 245 |
1 |
4 |
|a The stages of human life :
|b a biography of entire man /
|c by James K. Feibleman.
|
| 264 |
|
1 |
|a The Hague :
|b Nijhoff,
|c 1975.
|
| 300 |
|
|
|a 270 pages ;
|c 24 cm.
|
| 336 |
|
|
|a text
|b txt
|2 rdacontent
|
| 337 |
|
|
|a unmediated
|b n
|2 rdamedia
|
| 338 |
|
|
|a volume
|b nc
|2 rdacarrier
|
| 500 |
|
|
|a Chapters 2, 3, 4, and 6 are slightly altered forms of essays published in Journal of theoretical biology, the Philosophical journal, the Psychological record, and Adolescence respectively.
|
| 500 |
|
|
|a Includes index.
|
| 650 |
|
0 |
|a Developmental psychology.
|
| 999 |
f |
f |
|s 37f4570b-02e0-37bb-954c-1974d3d37cae
|i 923d7426-c0e2-378d-9085-15441ec9cd24
|t 0
|
| 999 |
|
|
|a MARS
|
| 952 |
f |
f |
|p ric
|a Texas A&M University
|b Rellis Campus
|c Joint Library Facility
|d Remote Storage
|t 0
|e BF713 .F44
|h Library of Congress classification
|i unmediated -- volume
|m A14832980071
|
| 998 |
f |
f |
|a BF713 .F44
|t 0
|l Remote Storage
|